Click para traducir - Inglés #2 - Estadísticas

Estadísticas generales
  • Esta prueba ha sido intentada 1.089 veces
  • La puntuación promedio es 19 de 20
Estadísticas de respuestas
Hint Respuesta % Correcto
Pájaro Bird
98%
Flor Flower
98%
Luna Moon
98%
Teléfono Phone
98%
Sol Sun
98%
Cuerpo Body
97%
Mariposa Butterfly
97%
Mesa Table
97%
Reloj Clock
96%
Moneda Coin
96%
Mar Sea
96%
Camisa Shirt
96%
Zapatos Shoes
96%
Cielo Sky
96%
Silla Chair
95%
Sombrero Hat
95%
Calcetines Socks
94%
Estantería Bookcase
90%
Manta Blanket
88%
Cartera Wallet
88%
No se encontraron pruebas coincidentes
Distribución de puntuación
Porcentaje de gente con cada puntuación
Porcentaje por número respondido
Historial de tus puntuaciones
No has intentado esta prueba.